Results of boring operations (Record no. 498430)

000 -LEADER
fixed length control field 00349cam a22001097a 4500
008 - FIXED-LENGTH DATA ELEMENTS--GENERAL INFORMATION
fixed length control field 180718b1931 xxu||||| |||| 00| 0 eng d
082 ## - DEWEY DECIMAL CLASSIFICATION NUMBER
Classification number V434x5452 M267
245 ## - TITLE STATEMENT
Title Results of boring operations
Statement of responsibility, etc. by Department of Industries, Tamil Nadu
260 ## - PUBLICATION, DISTRIBUTION, ETC.
Place of publication, distribution, etc. Madras
Name of publisher, distributor, etc. Government Press
Date of publication, distribution, etc. 1931
300 ## - PHYSICAL DESCRIPTION
Extent 478+p.
700 ## - ADDED ENTRY--PERSONAL NAME
Personal name Tamil Nadu. Department of Industries
Holdings
Withdrawn status Lost status Damaged status Not for loan Permanent Location Current Location Date acquired Full call number Barcode Date last seen Price effective from Koha item type
        Indian Institute of Public Administration Indian Institute of Public Administration 2018-08-04 V434x5452 M267 GG32970 2018-08-04 2018-08-04 GG

Powered by Koha